L' oecuménisme et les oecuménismes: Une réflexion sur la situation actuelle, surtout en Suisse

Saved in:  
Bibliographic Details
Main Author: Hauser, Martin (Author)
Format: Print Article
Language:French
Check availability: HBZ Gateway
Interlibrary Loan:Interlibrary Loan for the Fachinformationsdienste (Specialized Information Services in Germany)
Published: 1995
In: Ökumene - das eine Ziel - die vielen Wege
Year: 1995, Pages: 275-288
Standardized Subjects / Keyword chains:B Switzerland / Ecumenical movement
IxTheo Classification:KBC Switzerland
KDJ Ecumenism

MARC

LEADER 00000caa a22000002c 4500
001 1534467688
003 DE-627
005 20220614102516.0
007 tu
008 160405s1995 xx ||||| 00| ||fre c
020 |a 3827810378 
035 |a (DE-627)1534467688 
035 |a (DE-576)464467683 
035 |a (DE-599)BSZ464467683 
040 |a DE-627  |b ger  |c DE-627  |e rakwb 
041 |a fre 
084 |a 1  |2 ssgn 
100 1 |a Hauser, Martin  |4 aut 
109 |a Hauser, Martin 
245 1 3 |a L' oecuménisme et les oecuménismes  |b Une réflexion sur la situation actuelle, surtout en Suisse 
264 1 |c 1995 
336 |a Text  |b txt  |2 rdacontent 
337 |a ohne Hilfsmittel zu benutzen  |b n  |2 rdamedia 
338 |a Band  |b nc  |2 rdacarrier 
652 |a KBC:KDJ 
689 0 0 |d g  |0 (DE-588)4053881-3  |0 (DE-627)104584904  |0 (DE-576)20910614X  |2 gnd  |a Schweiz 
689 0 1 |d s  |0 (DE-588)4075586-1  |0 (DE-627)10608559X  |0 (DE-576)209198605  |2 gnd  |a Ökumenische Bewegung 
689 0 |5 (DE-627) 
773 0 8 |i In  |t Ökumene - das eine Ziel - die vielen Wege  |d Freiburg, Schweiz : Universitätsverlag, 1995  |g (1995), Seite 275-288  |h 337 S.  |w (DE-627)1605414115  |w (DE-576)051165368  |z 3827810378  |7 nnam 
773 1 8 |g year:1995  |g pages:275-288 
935 |a mteo 
951 |a AR 
ELC |b 1 
ITA |a 1  |t 1 
LOK |0 000 xxxxxcx a22 zn 4500 
LOK |0 001 2913665179 
LOK |0 003 DE-627 
LOK |0 004 1534467688 
LOK |0 005 20160405113519 
LOK |0 008 160404||||||||||||||||ger||||||| 
LOK |0 040   |a DE-Tue135  |c DE-627  |d DE-Tue135 
LOK |0 092   |o n 
LOK |0 852   |a DE-Tue135 
LOK |0 852 1  |9 00 
LOK |0 935   |a ixfe  |a ixmi 
LOK |0 936ln  |0 1442044748  |a KBC 
LOK |0 936ln  |0 1442050608  |a KDJ 
LOK |0 939   |a 04-04-16  |b l01 
ORI |a SA-MARC-ixtheoa001.raw 
STA 0 0 |a Ecumenical movement,Ecumenism,Switzerland,Switzerland 
STB 0 0 |a Suisse,Œcuménisme,Mouvement œcuménique,Mouvement œcuménique 
STC 0 0 |a Movimiento ecuménico,Suiza 
STD 0 0 |a Movimento ecumenico,Svizzera 
STE 0 0 |a 普世教会合一运动 
STF 0 0 |a 普世教會合一運動 
STG 0 0 |a Movimento ecumênico,Suíça 
STH 0 0 |a Швейцария (мотив),Экуменическое движение 
STI 0 0 |a Ελβετία (μοτίβο),Οικουμενικό κίνημα 
SYG 0 0 |a Suisse,Switzerland,Helvetia,Helvetien,Eidgenossenschaft,Svizzera,Confédération Suisse,Confederazione Helvetica,Confederazione Federale,Confédération Helvétique,Confederaziun Svizra,Svájci Hozzájárulás,Svizzra,Schweizerische Eidgenossenschaft,Confederazione Svizzera,Confoederatio Helvetica,Swiss Confederation,Svizra,Suiza,Confederación helvética,Confédération helvétique,Confederazione elvetica,Confédération suisse,Confederazione helvetica,Helvetische Republik,Schweytzerlandt,Schweytz,Schweitz,Schweizer-Land,Eydgenoschafft,Eydgnosschaft,Eydgnossschafft,Eydgnoßschafft,Eydgenossenschafft,Eidgnossschafft,Helvetische Eidgenossschaft,Hélvetie,Schwiz,Switz,Corpus helveticum , Ökumenismus